Я - гражданин Советского Союза: Стихи. Для старшего школьного возраста

Dades bibliogràfiques
Autor principal: Маяковский В. В. Владимир Владимирович
Altres autors: Коваленко С. (автор предисловия), Дурасов Л. (иллюстратор)
Idioma:rus
Publicat: Москва, Детская литература, 1982
Edició:2-е изд., доп.
Matèries:
Format: MixedMaterials Llibre
KOHA link:https://koha.lib.tpu.ru/cgi-bin/koha/opac-detail.pl?biblionumber=118163

MARC

LEADER 00000nam0a2200000 4500
001 118163
005 20231101215443.0
020 |a RU  |b 82-68047 
035 |a (RuTPU)RU\TPU\book\127880 
090 |a 118163 
100 |a 20070608d1982 d y0rusy5003 ca 
101 0 |a rus 
102 |a RU 
105 |a a z 000gy 
200 1 |a Я - гражданин Советского Союза  |e Стихи. Для старшего школьного возраста  |f В. В. Маяковский  |g авт. предисл., сост. и примеч. С. Коваленко; худож. Л. Дурасов 
205 |a 2-е изд., доп. 
210 |a Москва  |c Детская литература  |d 1982 
215 |a 128 с.  |c ил.  |d 17 см 
610 1 |a советская литература 
610 1 |a поэзия 
610 1 |a стихи 
675 |a Р2  |z rus 
700 1 |a Маяковский  |b В. В.  |c русский поэт  |f 1893-1930  |g Владимир Владимирович  |2 stltpush  |3 (RuTPU)RU\TPU\pers\1040  |9 463 
702 1 |a Коваленко  |b С.  |4 080 
702 1 |a Дурасов  |b Л.  |4 440 
801 0 |a RU  |b RuMRKP  |c 19950704  |g psbo 
801 1 |a RU  |b 63413507  |c 20070608  |g PSBO 
801 2 |a RU  |b 63413507  |c 20070608  |g PSBO 
942 |c BK